[Event "Lichtenberger Sommer 2017"]
[Site "Berlin"]
[Date "2017.08.23"]
[Round "5.78"]
[White "Fiedler, Ronald"]
[Black "Jansen, Robert"]
[Result "0-1"]
[WhiteElo "1631"]
[BlackElo "1783"]
[PlyCount "78"]
[EventDate "2017.??.??"]
[WhiteTeam "Läufer Reinickendorf"]
[BlackTeam "SC Kreuzberg"]

1. d4 d5 2. c4 e6 3. Nc3 c6 4. cxd5 exd5 5. e3 Nf6 6. Bd3 Be7 7. h3 O-O 8. Nf3
Nbd7 9. O-O Re8 10. Bd2 Nf8 11. Rc1 Ng6 12. e4 dxe4 13. Nxe4 Nxe4 14. Bxe4 Bf6
15. Bxg6 hxg6 16. Bc3 Be6 17. a3 Bd5 18. Ne1 Bc4 19. Nc2 Bxf1 20. Qxf1 c5 21.
Rd1 cxd4 22. Bxd4 Bxd4 23. Nxd4 Qf6 24. Nb5 Rad8 25. Nc3 Rxd1 26. Qxd1 Qe5 27.
Qd7 Qe7 28. Qa4 a6 29. g3 Rd8 30. Qf4 b5 31. Kg2 Qb7+ 32. Kh2 a5 33. h4 b4 34.
axb4 axb4 35. Ne4 Qb6 36. Ng5 Qf6 37. Qxb4 Qxf2+ 38. Kh3 Qf1+ 39. Kh2 Re8 0-1

[Event "Lichtenberger Sommer 2017"]
[Site "Berlin"]
[Date "2017.08.23"]
[Round "5.79"]
[White "Papenhagen, Walter"]
[Black "Matthes, Benjamin"]
[Result "1-0"]
[WhiteElo "1584"]
[BlackElo "1879"]
[PlyCount "49"]
[EventDate "2017.??.??"]
[WhiteTeam "SF Friedrichshagen"]
[BlackTeam "SC Oranienburg"]

1. d4 Nf6 2. c4 d5 3. cxd5 Nxd5 4. e4 Nb6 5. Nf3 e6 6. Nc3 c5 7. Be3 cxd4 8.
Qxd4 Bd7 9. Bb5 a6 10. Be2 Nc8 11. O-O Nc6 12. Qd2 Be7 13. Rfd1 e5 14. a3 Bg4
15. Nd5 O-O 16. b4 Qd7 17. Qc3 Bd6 18. Rd2 Bxf3 19. Bxf3 N6e7 20. Rad1 Qe6 21.
Nc7 Bxc7 22. Qxc7 b6 23. Rd8 g6 24. Rxf8+ Kxf8 25. Bh6+ 1-0

[Event "Lichtenberger Sommer 2017"]
[Site "Berlin"]
[Date "2017.08.23"]
[Round "5.80"]
[White "Prütz, Sigurd"]
[Black "Völler, Lothar"]
[Result "0-1"]
[WhiteElo "1686"]
[BlackElo "1714"]
[PlyCount "66"]
[EventDate "2017.??.??"]
[WhiteTeam "Königsjäger Süd-West"]
[BlackTeam "FS Dortmund"]

1. e4 c6 2. d4 d5 3. exd5 cxd5 4. c4 Nf6 5. Nc3 Nc6 6. Bg5 e6 7. Nf3 Be7 8.
cxd5 Nxd5 9. Bxe7 Ncxe7 10. Bb5+ Bd7 11. Bxd7+ Qxd7 12. Rc1 O-O 13. Ne5 Qd8 14.
O-O a6 15. Re1 b5 16. Ne4 Nf5 17. g3 Nde7 18. Ng5 Qxd4 19. Qh5 Nh6 20. Re4 Qd5
21. Rd1 Qxa2 22. Nd7 Qxb2 23. Nxf8 Rxf8 24. Red4 Nd5 25. Ne4 Nf5 26. Nc5 Nxd4
27. Nxa6 Qe2 28. Qxe2 Nxe2+ 29. Kf1 Nec3 30. Rd3 g6 31. Nc7 Nxc7 32. Rxc3 Nd5
33. Rb3 b4 0-1

[Event "Lichtenberger Sommer 2017"]
[Site "Berlin"]
[Date "2017.08.23"]
[Round "5.81"]
[White "Mayer, Herbert"]
[Black "Freude, Max"]
[Result "1-0"]
[WhiteElo "1867"]
[BlackElo "1416"]
[PlyCount "119"]
[EventDate "2017.??.??"]
[WhiteTeam "SC Rochade (Berlin)"]
[BlackTeam "SV Empor Berlin"]

1. c4 e5 2. Nc3 Nf6 3. g3 Nc6 4. Bg2 Bb4 5. Nd5 Be7 6. e3 d6 7. Ne2 O-O 8. O-O
Be6 9. Nec3 Re8 10. d3 Bxd5 11. cxd5 Nb8 12. Qb3 b6 13. Bd2 Nbd7 14. Rac1 Nc5
15. Qc2 a6 16. b4 Ncd7 17. Ne2 Ra7 18. f4 Qb8 19. Qb3 b5 20. Rc6 Nb6 21. Rfc1
Nfd7 22. Bh3 Bf6 23. e4 exf4 24. gxf4 Re7 25. Be3 Rb7 26. Qc2 Nf8 27. Nd4 Bxd4
28. Bxd4 h6 29. Qg2 g6 30. Bf6 Re8 31. Ba1 Nh7 32. Qb2 f6 33. Qg2 g5 34. Be6+
Rxe6 35. dxe6 Qc8 36. fxg5 hxg5 37. Bxf6 Qxe6 38. Bxg5 Nxg5 39. Qxg5+ Kf8 40.
Qd8+ Kf7 41. Rxc7+ Rxc7 42. Qxc7+ Nd7 43. Rf1+ Kg7 44. Rf2 Kh7 45. Rg2 Qh3 46.
Rg3 Qe6 47. Qd8 Nf6 48. Qc7+ Nd7 49. Qc3 Nf6 50. Qd2 Nh5 51. Rg5 Qf7 52. Rf5
Qg7+ 53. Qg2 Qd4+ 54. Kh1 Qa1+ 55. Qg1 Qxg1+ 56. Kxg1 Kg6 57. Rxh5 Kxh5 58. Kf2
Kg5 59. Ke3 Kf6 60. Kd4 1-0

[Event "Lichtenberger Sommer 2017"]
[Site "Berlin"]
[Date "2017.08.23"]
[Round "5.82"]
[White "Reck, Jessica"]
[Black "Ellert, Oliver"]
[Result "1/2-1/2"]
[WhiteElo "1730"]
[BlackElo "1497"]
[PlyCount "139"]
[EventDate "2017.??.??"]
[WhiteTeam "SK König Tegel"]
[BlackTeam "SV Empor Berlin"]

1. e4 d5 2. exd5 Qxd5 3. Nc3 Qd6 4. d4 a6 5. g3 Nc6 6. Nge2 Bg4 7. Bg2 Bxe2 8.
Nxe2 O-O-O 9. c3 e5 10. Be3 exd4 11. Nxd4 Nxd4 12. Bxd4 Qe6+ 13. Qe2 Qxe2+ 14.
Kxe2 Ne7 15. Rad1 Nf5 16. Bh3 Rd5 17. c4 Ra5 18. Bc3 Rc5 19. Bd4 Ra5 20. a3 Kb8
21. Bc3 Rc5 22. Rd8+ Ka7 23. Bb4 Re5+ 24. Kd3 Ne7 25. f4 Nc6 26. Rd7 Nxb4+ 27.
axb4 Re7 28. Rd8 g6 29. b3 Bg7 30. Rxh8 Bxh8 31. f5 Bg7 32. Rf1 Bh6 33. fxg6
hxg6 34. Rf3 f5 35. Rf2 Re3+ 36. Kc2 Bg7 37. Bg2 Rc3+ 38. Kd2 Rxb3 39. Bd5 Rb2+
40. Ke1 Rxb4 41. Bf7 Rb1+ 42. Ke2 Rb2+ 43. Kf3 Rb3+ 44. Kf4 Bh6+ 45. Ke5 Bg7+
46. Kf4 Rb6 47. Kg5 Bf6+ 48. Kf4 Be7 49. Re2 g5+ 50. Kf3 Rb3+ 51. Kg2 Bd6 52.
c5 Rd3 53. cxd6 Rxd6 54. Rc2 c6 55. Kf2 b5 56. Ke2 Kb6 57. Rc3 Rh6 58. Rf3 Rf6
59. Bg8 f4 60. gxf4 gxf4 61. h4 Rf8 62. Bb3 a5 63. Kd3 c5 64. h5 c4+ 65. Bxc4
bxc4+ 66. Kxc4 Rf6 67. h6 Rxh6 68. Rxf4 Rc6+ 69. Kb3 Kb5 70. Rf5+ 1/2-1/2

[Event "Lichtenberger Sommer 2017"]
[Site "Berlin"]
[Date "2017.08.23"]
[Round "5.83"]
[White "Wilke, Hans-Peter"]
[Black "Küchler, Felix"]
[Result "0-1"]
[WhiteElo "1540"]
[BlackElo "1782"]
[PlyCount "54"]
[EventDate "2017.??.??"]
[WhiteTeam "Läufer Reinickendorf"]
[BlackTeam "SF Friedrichshagen"]

1. d4 Nf6 2. Bf4 g6 3. Nf3 Bg7 4. e3 O-O 5. h3 c5 6. Bd3 Nc6 7. c3 cxd4 8. exd4
d6 9. O-O Re8 10. Re1 Nd5 11. Bh2 Qc7 12. Nbd2 b6 13. Bc4 Nf6 14. Rc1 Bb7 15.
Qc2 Rac8 16. Bd3 Qd7 17. a3 Nh5 18. Rcd1 Nxd4 19. Nxd4 Bxd4 20. Be4 Bg7 21. Nb3
Bxe4 22. Qxe4 Qb5 23. Qc2 Qg5 24. Re3 Nf4 25. Rg3 Qh5 26. Nd4 Bxd4 27. Rxd4
Ne2+ 0-1

[Event "Lichtenberger Sommer 2017"]
[Site "Berlin"]
[Date "2017.08.23"]
[Round "5.84"]
[White "Kötz, Andreas"]
[Black "Polatel, Nur"]
[Result "1-0"]
[WhiteElo "1997"]
[BlackElo "1355"]
[PlyCount "75"]
[EventDate "2017.??.??"]
[WhiteTeam "SC Zitadelle Spandau"]
[BlackTeam "SC Zugzwang 95 (Berlin)"]

1. d4 d5 2. c4 e6 3. Nf3 Nf6 4. g3 Be7 5. Bg2 O-O 6. O-O b6 7. Ne5 Bb7 8. Nc3
Na6 9. Bg5 c5 10. e3 Ne4 11. Bxe7 Qxe7 12. cxd5 Nxc3 13. bxc3 exd5 14. Qb3 Qe6
15. Qa3 Nc7 16. Nd3 Qg6 17. Nf4 Qd6 18. Rfd1 Rfd8 19. dxc5 Qxc5 20. Qxc5 bxc5
21. c4 g5 22. Nxd5 Nxd5 23. cxd5 c4 24. Rac1 Rac8 25. e4 Kf8 26. Rc3 Rd6 27.
Rdc1 Rb6 28. f4 gxf4 29. gxf4 Rf6 30. Rf1 Ke7 31. e5 Rg6 32. Rg3 c3 33. Rc1 Rb6
34. Rgxc3 Rxc3 35. Rxc3 Rb1+ 36. Kf2 Rb2+ 37. Kg3 Kd7 38. Bh3+ 1-0

[Event "Lichtenberger Sommer 2017"]
[Site "Berlin"]
[Date "2017.08.23"]
[Round "5.85"]
[White "Junge, Wolfgang"]
[Black "Wolfram, Mike"]
[Result "1-0"]
[WhiteElo "1853"]
[BlackElo "1550"]
[PlyCount "77"]
[EventDate "2017.??.??"]
[WhiteTeam "SC Friesen Lichtenberg"]
[BlackTeam "vereinslos"]

1. d4 d5 2. c4 c6 3. Nf3 Nf6 4. Nc3 e6 5. e3 Bb4 6. a3 Bxc3+ 7. bxc3 Qa5 8. Qc2
O-O 9. Bd3 Nbd7 10. O-O Nb6 11. cxd5 cxd5 12. Ne5 h6 13. Bd2 Nbd7 14. f4 Qc7
15. Rfc1 Nb6 16. a4 Nc4 17. Bxc4 dxc4 18. Qa2 Bd7 19. Qxc4 Qxc4 20. Nxc4 b5 21.
Ne5 bxa4 22. Nxd7 Nxd7 23. Rxa4 Nb6 24. Ra2 Nc4 25. Kf2 Rfb8 26. Ke2 a5 27. Kd3
Nd6 28. Rca1 Rb5 29. c4 Rb3+ 30. Bc3 f5 31. Ra3 Rab8 32. Rxb3 Rxb3 33. Kc2 Rb7
34. c5 Ne4 35. Rxa5 Nf6 36. Ra6 Kf7 37. Rb6 Rxb6 38. cxb6 Nd7 39. b7 1-0

[Event "Lichtenberger Sommer 2017"]
[Site "Berlin"]
[Date "2017.08.23"]
[Round "5.86"]
[White "Murat, Abylay"]
[Black "Otter, Nils"]
[Result "1-0"]
[WhiteElo "1400"]
[BlackElo "1759"]
[PlyCount "89"]
[EventDate "2017.??.??"]
[WhiteTeam "vereinslos"]
[BlackTeam "Admira Villach"]

1. e4 c5 2. Nf3 Nc6 3. d4 cxd4 4. Nxd4 e5 5. Nf5 d5 6. Bd3 Bxf5 7. exf5 e4 8.
Qe2 Be7 9. Bb5 Nf6 10. O-O O-O 11. Be3 a6 12. Ba4 Qa5 13. Bxc6 bxc6 14. c4 Rfd8
15. Bd4 Qb4 16. Nd2 dxc4 17. Bc3 Qc5 18. Nxe4 Qxf5 19. Nxf6+ Bxf6 20. Qxc4 Bxc3
21. Qxc3 Qd5 22. h3 h6 23. b3 a5 24. Rfe1 Re8 25. Rac1 Rxe1+ 26. Rxe1 a4 27.
bxa4 Qxa2 28. Qxc6 Rxa4 29. Qc8+ Kh7 30. Qf5+ g6 31. Qf6 Ra6 32. Qd4 Ra4 33.
Qd8 Rf4 34. f3 Qa7+ 35. Kh1 Qd4 36. Qe8 Qg7 37. Qb8 Rf5 38. Re8 h5 39. Kh2 h4
40. Qb4 Qh6 41. Qc3 Qg7 42. Qc4 Qh6 43. Qc8 Qf4+ 44. Kh1 Kh6 45. Re4 1-0

[Event "Lichtenberger Sommer 2017"]
[Site "Berlin"]
[Date "2017.08.23"]
[Round "5.87"]
[White "Geisler, Oliver"]
[Black "Wolff, Marie Antoinette"]
[Result "0-1"]
[WhiteElo "1556"]
[BlackElo "1778"]
[PlyCount "64"]
[EventDate "2017.??.??"]
[WhiteTeam "vereinslos"]
[BlackTeam "Leegebrucher SF"]

1. e4 c5 2. Nf3 Nc6 3. d4 cxd4 4. c3 dxc3 5. Nxc3 d6 6. Bc4 Nf6 7. Qe2 e6 8.
O-O Be7 9. Rd1 O-O 10. e5 Nd7 11. exd6 Bf6 12. Ne4 h6 13. Be3 b6 14. Rac1 Bb7
15. Nxf6+ Qxf6 16. a3 Nde5 17. Nxe5 Nxe5 18. Bd4 Qg6 19. g3 Nf3+ 20. Kf1 Nxh2+
21. Kg1 Nf3+ 22. Kf1 Qh5 23. Qe3 Nxd4 24. Qxd4 Qh1+ 25. Ke2 Bf3+ 26. Ke3 Bxd1
27. Rxd1 Qh5 28. Qe4 Qxd1 29. Bd3 Qe1+ 30. Kd4 Qxf2+ 31. Kc4 Qc5+ 32. Kb3 Qd5+
0-1

[Event "Lichtenberger Sommer 2017"]
[Site "Berlin"]
[Date "2017.08.23"]
[Round "5.88"]
[White "Schröder, Justin"]
[Black "Plaza Reino, Mateo"]
[Result "0-1"]
[WhiteElo "1647"]
[BlackElo "1370"]
[PlyCount "120"]
[EventDate "2017.??.??"]
[WhiteTeam "Leegebrucher SF"]
[BlackTeam "Enniscorthy Chess Club"]

1. d4 Nf6 2. Bf4 g6 3. e3 Bg7 4. c3 d6 5. h3 Nbd7 6. Nf3 c5 7. Nbd2 b6 8. a4
Bb7 9. Qb3 a5 10. Bc4 d5 11. Be2 c4 12. Qc2 O-O 13. b3 cxb3 14. Qxb3 Rc8 15.
O-O e6 16. Rfb1 Qe7 17. c4 Ba6 18. Bf1 Rfd8 19. cxd5 Bxf1 20. dxe6 Bc4 21. Nxc4
Qxe6 22. Nxb6 Qxb3 23. Rxb3 Nxb6 24. Rxb6 Nd5 25. Rb5 Nxf4 26. exf4 Ra8 27. Rd1
Rdb8 28. Rdb1 Rc8 29. d5 Rc4 30. Rb8+ Rxb8 31. Rxb8+ Bf8 32. d6 Rc1+ 33. Kh2
Rd1 34. Ra8 Rxd6 35. Rxa5 Rd8 36. f5 gxf5 37. Rxf5 Ra8 38. Rf4 Bd6 39. Kg3 Rxa4
40. Kh2 Bxf4+ 41. g3 Ra3 42. Kg2 Bc7 43. Ne1 Ra2 44. Nd3 Bb6 45. Kf3 Rd2 46.
Ke4 Bxf2 47. g4 Bh4 48. Ne5 Rh2 49. g5 Rxh3 50. Kf5 Kg7 51. Kg4 Re3 52. Nd7 Be1
53. Kf4 Ra3 54. Nb6 Kg6 55. Kg4 Rg3+ 56. Kf4 Rxg5 57. Nc4 h5 58. Kf3 h4 59. Ne3
h3 60. Ng4 Rxg4 0-1

[Event "Lichtenberger Sommer 2017"]
[Site "Berlin"]
[Date "2017.08.23"]
[Round "5.89"]
[White "Koerber, Bernhard"]
[Black "Weber, Gerald"]
[Result "0-1"]
[WhiteElo "1574"]
[BlackElo "1761"]
[PlyCount "46"]
[EventDate "2017.??.??"]
[WhiteTeam "Lasker Steglitz-Wilmersdorf"]
[BlackTeam "SSV Rotation Berlin"]

1. e4 c6 2. d4 d5 3. e5 e6 4. Nf3 c5 5. c3 Nc6 6. Be2 Qb6 7. O-O cxd4 8. cxd4
Bd7 9. a3 Nge7 10. Nc3 Nf5 11. Na4 Qc7 12. b4 Ncxd4 13. Nxd4 Nxd4 14. Qxd4 Bxa4
15. b5 Bc2 16. Be3 Bg6 17. Rfc1 Qd8 18. Rc3 b6 19. Rc6 Bc5 20. Qc3 d4 21. Bxd4
Qxd4 22. Qxd4 Bxd4 23. Rd1 Bxe5 0-1

[Event "Lichtenberger Sommer 2017"]
[Site "Berlin"]
[Date "2017.08.23"]
[Round "5.90"]
[White "Schiller, Stephan"]
[Black "Gnaß, Erhard"]
[Result "1-0"]
[WhiteElo "1584"]
[BlackElo "1466"]
[PlyCount "73"]
[EventDate "2017.??.??"]
[WhiteTeam "SV Motor Wildau"]
[BlackTeam "SK Zehlendorf"]

1. d4 Nf6 2. c4 d6 3. Nc3 g6 4. e4 Bg7 5. Be2 O-O 6. Nf3 Nbd7 7. Qc2 b6 8. Bf4
Bb7 9. O-O Re8 10. Rad1 Nh5 11. Be3 e5 12. d5 Nf4 13. Rfe1 Nxe2+ 14. Qxe2 Nf6
15. Bg5 h6 16. Bd2 Bc8 17. h3 Bd7 18. Nh2 Qc8 19. Qd3 a6 20. Re3 b5 21. cxb5
axb5 22. a3 Rb8 23. b4 Nh5 24. Rf3 Nf6 25. Rc1 Qa6 26. a4 Qb6 27. Be3 Qb7 28.
a5 c6 29. Qd2 Kh7 30. Ng4 Nxg4 31. hxg4 Bxg4 32. dxc6 Qxc6 33. Rxf7 Rb7 34.
Rxb7 Qxb7 35. Qxd6 Re6 36. Qd5 Re8 37. Qxb7 1-0

[Event "Lichtenberger Sommer 2017"]
[Site "Berlin"]
[Date "2017.08.23"]
[Round "5.91"]
[White "Stark, Steven"]
[Black "Ho, Ngoc Hai-Dang"]
[Result "0-1"]
[WhiteElo "1474"]
[BlackElo "1499"]
[PlyCount "96"]
[EventDate "2017.??.??"]
[WhiteTeam "BSC Rehberge"]
[BlackTeam "SF Friedrichshagen"]

1. e4 e5 2. Nf3 Nc6 3. Be2 Nf6 4. d3 Bc5 5. O-O d6 6. Bg5 h6 7. Bxf6 Qxf6 8.
Nc3 Be6 9. a3 O-O-O 10. Nb1 g5 11. c3 a6 12. b4 Ba7 13. Nbd2 g4 14. Ne1 h5 15.
Nc2 Rdg8 16. d4 exd4 17. cxd4 Nxd4 18. Nxd4 Bxd4 19. Rc1 g3 20. hxg3 Rxg3 21.
Nf3 Ba7 22. Qxd6 Rxg2+ 23. Kxg2 Bh3+ 24. Kxh3 Qxd6 25. Nh4 Qe6+ 26. Nf5 Kb8 27.
f3 Rg8 28. Bc4 Qg6 29. Rc2 Rd8 30. Rg2 Qf6 31. Rc1 Bb6 32. Rcc2 Rd1 33. a4 Rh1+
34. Rh2 Rxh2+ 35. Kxh2 c6 36. Kh3 Bc7 37. b5 cxb5 38. axb5 a5 39. Rg2 Qa1 40.
Ng3 Bxg3 41. Kxg3 Qf6 42. Ra2 b6 43. Bd5 h4+ 44. Kg4 Qe7 45. Rh2 Qd7+ 46. Kxh4
Qxb5 47. Bxf7 Qe5 48. Kh3 Qh8+ 0-1

[Event "Lichtenberger Sommer 2017"]
[Site "Berlin"]
[Date "2017.08.23"]
[Round "5.92"]
[White "Stuckstedte, Hermann"]
[Black "Fontaine, Constantin"]
[Result "1-0"]
[WhiteElo "1564"]
[BlackElo "1519"]
[PlyCount "55"]
[EventDate "2017.??.??"]
[WhiteTeam "Königsjäger Süd-West"]
[BlackTeam "SK Tempelhof 1931"]

1. e4 e5 2. Bc4 Nf6 3. d3 Nc6 4. Nf3 Bc5 5. c3 O-O 6. h3 d6 7. Bb3 Be6 8. Bc2
d5 9. O-O dxe4 10. dxe4 Qxd1 11. Rxd1 Rad8 12. Re1 a5 13. Nbd2 Nd7 14. Nf1 f5
15. Ng3 f4 16. Nf1 h6 17. b3 g5 18. a4 g4 19. hxg4 Bxg4 20. N3h2 h5 21. Ba3
Bxa3 22. Rxa3 f3 23. Ne3 fxg2 24. Nhxg4 hxg4 25. Nxg4 Rf3 26. Re3 Rdf8 27. Ra1
Rh3 28. Rxh3 1-0

[Event "Lichtenberger Sommer 2017"]
[Site "Berlin"]
[Date "2017.08.23"]
[Round "5.93"]
[White "Kujawa, Werner"]
[Black "Paris, Gerhard"]
[Result "1-0"]
[WhiteElo "1756"]
[BlackElo "1486"]
[PlyCount "57"]
[EventDate "2017.??.??"]
[WhiteTeam "SV Motor Wildau"]
[BlackTeam "TSG Oberschöneweide"]

1. e4 e5 2. Nf3 d6 3. d4 exd4 4. Nxd4 g6 5. c4 Bg7 6. Nc3 Nf6 7. Be2 O-O 8. Be3
Bd7 9. O-O Re8 10. f3 Nc6 11. Qd2 a6 12. Kh1 Rb8 13. Nc2 Nh5 14. Bg5 f6 15. Be3
f5 16. Bg5 Bf6 17. Bxf6 Nxf6 18. exf5 Bxf5 19. Bd3 Qd7 20. Ne3 Bxd3 21. Qxd3
Ne5 22. Qd4 Qf7 23. Ned5 c6 24. Nxf6+ Qxf6 25. Ne4 Qe7 26. Nxd6 Red8 27. c5 Rf8
28. Rae1 Rxf3 29. gxf3 1-0

[Event "Lichtenberger Sommer 2017"]
[Site "Berlin"]
[Date "2017.08.23"]
[Round "5.94"]
[White "Dittrich, Hans-Juergen"]
[Black "Mueller, Jörg René"]
[Result "1/2-1/2"]
[WhiteElo "1305"]
[BlackElo "1553"]
[PlyCount "111"]
[EventDate "2017.??.??"]
[WhiteTeam "SC Eintracht Berlin"]
[BlackTeam "SC Zugzwang 95 (Berlin)"]

1. d4 Nf6 2. Bf4 d6 3. Nf3 a6 4. e3 Nbd7 5. c3 e6 6. Bd3 c5 7. Nbd2 b5 8. b4 c4
9. Bc2 Bb7 10. h3 Nd5 11. Ne4 Nxf4 12. exf4 f5 13. Ned2 h6 14. Qe2 Qe7 15. g3
Nb6 16. O-O-O O-O-O 17. Rhe1 Bd5 18. Nf1 g6 19. Ne3 Re8 20. Nd2 Bg7 21. Ndf1
Qb7 22. Qd2 Re7 23. Nxd5 Nxd5 24. Re2 Rhe8 25. Rde1 Kd7 26. a4 Bf6 27. a5 g5
28. fxg5 Bxg5 29. f4 Bf6 30. Kb2 Nc7 31. Nh2 Rg8 32. Rg1 h5 33. Qe1 Reg7 34.
Reg2 Nd5 35. Qd2 Qa7 36. Nf3 Qb7 37. Bd1 Qc8 38. Nh2 h4 39. g4 Qc7 40. Nf1 Ne7
41. gxf5 Nxf5 42. Rxg7+ Rxg7 43. Rxg7+ Nxg7 44. Bg4 d5 45. Ne3 Qxf4 46. Qe1 Kd6
47. Kc2 Qe4+ 48. Kb2 Bg5 49. Nc2 Qxe1 50. Nxe1 Bf6 51. Nf3 Nf5 52. Bxf5 exf5
53. Kc2 f4 54. Kd2 Ke6 55. Ke2 Kf5 56. Kd2 1/2-1/2

[Event "Lichtenberger Sommer 2017"]
[Site "Berlin"]
[Date "2017.08.23"]
[Round "5.95"]
[White "Lippianowski, Stefan"]
[Black "David, Daniel"]
[Result "0-1"]
[WhiteElo "1106"]
[BlackElo "1392"]
[PlyCount "84"]
[EventDate "2017.??.??"]
[WhiteTeam "SV Mattnetz Berlin"]
[BlackTeam "SC Erkrath"]

1. e4 e5 2. Nf3 Nf6 3. Nc3 Nc6 4. a3 d6 5. h3 Be7 6. Bc4 h6 7. d3 O-O 8. Nd5
Nxd5 9. Bxd5 Bd7 10. Be3 a6 11. Qd2 Bf6 12. O-O-O h5 13. Qe2 h4 14. g4 Be6 15.
g5 Be7 16. Nxh4 Bxg5 17. Nf5 Bxe3+ 18. Qxe3 Bxd5 19. Rhg1 g6 20. Nh6+ Kh7 21.
exd5 Nd4 22. c3 Qh4 23. Ng4 Nf5 24. Qe2 Kg7 25. Qd2 Nh6 26. Ne3 Qxh3 27. Rh1
Qd7 28. f3 Rh8 29. d4 Nf5 30. Rxh8 Rxh8 31. Ng4 exd4 32. b4 dxc3 33. Qxc3+ f6
34. Nxf6 Qf7 35. Nh5+ Kg8 36. Nf6+ Kf8 37. Ng4 Qg7 38. Qd2 Rh3 39. Rf1 Qa1+ 40.
Kc2 Qxf1 41. Qc3 Qg2+ 42. Kb3 Rxf3 0-1

[Event "Lichtenberger Sommer 2017"]
[Site "Berlin"]
[Date "2017.08.23"]
[Round "5.96"]
[White "Kreuchauf, Olaf"]
[Black "Kretzschmar, Gerald"]
[Result "1-0"]
[WhiteElo "1691"]
[BlackElo "1360"]
[PlyCount "45"]
[EventDate "2017.??.??"]
[WhiteTeam "SC Eintracht Berlin"]
[BlackTeam "USV Halle"]

1. d4 c6 2. c4 d5 3. Nf3 dxc4 4. g3 Bg4 5. Ne5 Be6 6. Bg2 Bd5 7. e4 Be6 8. d5
cxd5 9. exd5 Bf5 10. Qf3 Nd7 11. Qxf5 Nxe5 12. Qxe5 Qd6 13. Qxd6 exd6 14. Na3
Rc8 15. O-O Nf6 16. Bg5 Be7 17. Rfe1 h6 18. Bxf6 gxf6 19. Nb5 Rd8 20. Rac1 a6
21. Nd4 b5 22. Bh3 Rg8 23. Nc6 1-0

[Event "Lichtenberger Sommer 2017"]
[Site "Berlin"]
[Date "2017.08.23"]
[Round "5.97"]
[White "Regel, Michael"]
[Black "Fock, Sana"]
[Result "1-0"]
[WhiteElo "1582"]
[BlackElo "1584"]
[PlyCount "89"]
[EventDate "2017.??.??"]
[WhiteTeam "SC Friesen Lichtenberg"]
[BlackTeam "SC Zugzwang 95 (Berlin)"]

1. e4 d5 2. exd5 Qxd5 3. Nc3 Qd6 4. Nf3 Nf6 5. d4 c6 6. Be2 Bf5 7. Be3 e6 8.
Qd2 Qc7 9. Bf4 Bd6 10. Bxd6 Qxd6 11. O-O Nbd7 12. Rfe1 O-O 13. h3 Nb6 14. Ne5
Rfd8 15. Rad1 Rac8 16. g4 Bg6 17. h4 h6 18. h5 Bh7 19. f4 Ne4 20. Nxe4 Bxe4 21.
g5 hxg5 22. fxg5 Qe7 23. Rf1 f6 24. gxf6 gxf6 25. Ng6 Qg7 26. Rf2 Rd5 27. Bd3
Rxd4 28. Rdf1 Bxd3 29. cxd3 f5 30. Rg2 Rg4 31. Rxg4 fxg4 32. Qg5 Qd4+ 33. Kh1
Qd5+ 34. Qxd5 Nxd5 35. Kg2 Ne3+ 36. Kf2 Re8 37. Kxe3 Kg7 38. Ne5 g3 39. Rg1 Kh6
40. Ng4+ Kg5 41. Rxg3 Kh4 42. Rg1 Rh8 43. Nf6 Rh6 44. Rg6 Rh8 45. h6 1-0

[Event "Lichtenberger Sommer 2017"]
[Site "Berlin"]
[Date "2017.08.23"]
[Round "5.98"]
[White "Kultscher, Christian"]
[Black "Winkler, Michael"]
[Result "1/2-1/2"]
[WhiteElo "1257"]
[BlackElo "1690"]
[PlyCount "125"]
[EventDate "2017.??.??"]
[WhiteTeam "1. SC Anhalt"]
[BlackTeam "ESV Eberswalde"]

1. e4 c5 2. Nc3 Nc6 3. Nf3 d6 4. Bc4 e6 5. O-O Nf6 6. d3 g6 7. Bg5 Bg7 8. d4
cxd4 9. Nxd4 Qb6 10. Bxf6 Bxf6 11. Nxc6 Bxc3 12. bxc3 Qxc6 13. Qd4 O-O 14. Bb3
b5 15. Rfd1 Bb7 16. f3 Rad8 17. Qxa7 Ra8 18. Qe3 Rfd8 19. Kh1 d5 20. e5 Rdc8
21. Rd4 Rc7 22. h4 Qxc3 23. Qxc3 Rxc3 24. Rd3 Rac8 25. Rxc3 Rxc3 26. Rd1 Bc6
27. Rd3 Rc5 28. a3 Kf8 29. g4 d4 30. Kg2 Rxe5 31. Rxd4 Bd5 32. Rd3 Ke7 33. a4
Bc4 34. Rc3 Re2+ 35. Kg3 Bxb3 36. cxb3 bxa4 37. bxa4 Ra2 38. Rc4 Kd6 39. Rf4 f5
40. g5 Kc5 41. Kh3 e5 42. Rxf5 gxf5 43. h5 Rxa4 44. g6 h6 45. Kg3 Kd4 46. f4 e4
47. Kf2 Kd3 48. Kg3 e3 49. g7 Ra1 50. Kg2 Ra2+ 51. Kf3 Rf2+ 52. Kg3 Rf1 53. Kg2
e2 54. g8=Q e1=Q 55. Qd5+ Ke3 56. Qe5+ Kd2 57. Qd5+ Ke3 58. Qe5+ Kd2 59. Qd5+
Kc3 60. Qc5+ Kd2 61. Qd5+ Ke2 62. Qe5+ Kd2 63. Qd5+ 1/2-1/2

[Event "Lichtenberger Sommer 2017"]
[Site "Berlin"]
[Date "2017.08.23"]
[Round "5.99"]
[White "Lange, Malina"]
[Black "Kossueva, Fatima"]
[Result "1-0"]
[WhiteElo "1579"]
[BlackElo "1410"]
[PlyCount "65"]
[EventDate "2017.??.??"]
[WhiteTeam "TuS Makkabi Berlin"]
[BlackTeam "SC Friesen Lichtenberg"]

1. e4 d6 2. d4 Nf6 3. Nc3 g6 4. Nf3 Bg7 5. Bd3 O-O 6. O-O Bg4 7. h3 Bxf3 8.
Qxf3 e5 9. dxe5 dxe5 10. Bg5 h6 11. Bh4 Nbd7 12. Rad1 Qe7 13. Nd5 Qd6 14. Bb5
g5 15. Nxf6+ Qxf6 16. Bxg5 Qxf3 17. gxf3 hxg5 18. Rxd7 a6 19. Bc4 b5 20. Bb3 c5
21. c4 b4 22. Kh2 Rad8 23. Rfd1 Rxd7 24. Rxd7 f5 25. Kg3 Bh6 26. Rd5 fxe4 27.
fxe4 Bg7 28. Rxc5 Rd8 29. Ra5 Rd2 30. c5+ Kf8 31. c6 Ke7 32. c7 Kd7 33. Rc5 1-0

[Event "Lichtenberger Sommer 2017"]
[Site "Berlin"]
[Date "2017.08.23"]
[Round "5.100"]
[White "Lange, Gregor Sebastian"]
[Black "Tschirschwitz, Stephan"]
[Result "1/2-1/2"]
[WhiteElo "820"]
[BlackElo "1584"]
[PlyCount "101"]
[EventDate "2017.??.??"]
[WhiteTeam "TSG Oberschöneweide"]
[BlackTeam "Lasker Steglitz-Wilmersdorf"]

1. e4 c5 2. Nf3 Nc6 3. d4 cxd4 4. Nxd4 a6 5. Nc3 e6 6. Nxc6 bxc6 7. Bd3 Qc7 8.
O-O Nf6 9. Be3 Qa5 10. Qf3 Be7 11. Bd4 e5 12. Be3 h6 13. Rad1 d5 14. h3 d4 15.
Bd2 dxc3 16. Bxc3 Qc7 17. Bc4 O-O 18. Qg3 Bd6 19. Rfe1 Nh5 20. Qh4 Nf4 21. Re3
Be6 22. Rg3 Ng6 23. Rxg6 fxg6 24. Bxe6+ Kh7 25. Qg4 Rf4 26. Qe2 Rf6 27. Qg4 Qe7
28. Bd7 c5 29. Bc6 Rd8 30. Bd5 Bc7 31. Rd3 Rf4 32. Qe2 Bb6 33. Rf3 Rxf3 34.
Qxf3 Rf8 35. Qg3 c4 36. Be1 Qc7 37. Qa3 Rf6 38. Qg3 Ba5 39. c3 Bb6 40. Qh4 Qc5
41. Qg3 Bc7 42. Bd2 Bb6 43. Be1 Rf4 44. Bb7 a5 45. Bd5 a4 46. a3 Qb5 47. Be6
Qxb2 48. Bxc4 Rxe4 49. Bd3 Rxe1+ 50. Kh2 Bxf2 51. Qxg6+ 1/2-1/2

[Event "Lichtenberger Sommer 2017"]
[Site "Berlin"]
[Date "2017.08.23"]
[Round "5.101"]
[White "Ellert, Stefan"]
[Black "Gläsmann, Christian"]
[Result "1-0"]
[WhiteElo "1355"]
[BlackElo "1472"]
[PlyCount "163"]
[EventDate "2017.??.??"]
[WhiteTeam "SV Empor Berlin"]
[BlackTeam "SC Erkrath"]

1. e4 d6 2. d4 g6 3. Nf3 Bg7 4. h3 Nf6 5. Nc3 O-O 6. Bc4 Nc6 7. Bg5 a6 8. Qd2
b5 9. Bb3 b4 10. Bxf6 Bxf6 11. Nd5 Bg7 12. Nxb4 Nxb4 13. Qxb4 a5 14. Qd2 Bb7
15. Qd3 e6 16. h4 d5 17. exd5 exd5 18. Ba4 Qe7+ 19. Qe3 Qb4+ 20. Qc3 Qxa4 21.
O-O Qc4 22. Qd2 Rfe8 23. Rfe1 Qb4 24. Qf4 Qd6 25. Qd2 c5 26. dxc5 Qxc5 27. c3
Rad8 28. Rad1 Rxe1+ 29. Rxe1 Qd6 30. h5 h6 31. hxg6 fxg6 32. Nh4 Bc6 33. Qd3
Re8 34. Rd1 Re4 35. Nf3 Rg4 36. Nh2 Rh4 37. Nf3 Rh5 38. g4 Rh3 39. Kg2 Rxf3 40.
Kxf3 d4+ 41. Ke2 Qe5+ 42. Kf1 Qd5 43. Qg3 Qh1+ 44. Ke2 Qe4+ 45. Kf1 Kh7 46. Qh3
Bb5+ 47. Kg1 Qe2 48. Rxd4 Bxd4 49. cxd4 Qd1+ 50. Kh2 Bc6 51. Kg3 Qg1+ 52. Kf4
Qxf2+ 53. Ke5 Qe2+ 54. Kd6 Qb5 55. g5 h5 56. Qe6 Qd5+ 57. Qxd5 Bxd5 58. Kxd5 h4
59. Ke4 h3 60. Kf3 Kg7 61. Kg3 h2 62. Kxh2 Kf7 63. Kg3 Ke6 64. Kf3 Kd5 65. Ke3
Ke6 66. Ke4 a4 67. b3 axb3 68. axb3 Kd6 69. d5 Kd7 70. Ke5 Kd8 71. Ke6 Ke8 72.
b4 Kd8 73. d6 Ke8 74. d7+ Kd8 75. b5 Kc7 76. Ke7 Kb7 77. b6 Kb8 78. d8=Q+ Kb7
79. Kd6 Ka6 80. Kc5 Kb7 81. Qc7+ Ka8 82. Qa7# 1-0